UK Town and City Trivia - Bath - Statistics

General Stats
  • This quiz has been taken 102 times
  • The average score is 7 of 15
Answer Stats
Hint Answer % Correct
Ceremonial county in which Bath is located Somerset
94%
Terrace of 30 grand Georgian houses overlooking the Royal Victoria Park Royal {Crescent}
88%
River that flows through central Bath Avon
83%
Children's book written by Bath born author, Jacqueline Wilson The Story of Tracy {Beaker}
65%
Author of 'Northanger Abbey' and resident of Bath Jane Austen
60%
Roman name for what became the city of Bath Aquae {Sulis}
56%
Historic, shop-lined bridge spanning the above river Pulteney Bridge
54%
Closed railway line that once connected Bath and Bournemouth Somerset & {Dorset} Joint Railway
37%
Home ground of Bath's professional rugby union club {Recreation} Ground
35%
Commonly used acronym of the Unitary Authority which includes Bath B&NES (BANES)
34%
Church of England diocese in which Bath lies Bath and {Wells}
31%
Elegant public rooms, once at the heart of fashionable Georgian society {Assembly} Rooms
19%
Astronomer who discovered Uranus from the garden of his house in Bath William Herschel
19%
Hard biscuit or cracker that was named for its Bath inventor Bath {Oliver}
13%
Order of monks that once occupied the monastery now known as Bath Abbey Benedictine
13%
No matching quizzes found
Score Distribution
Percent of People with Each Score
Percentile by Number Answered
Your Score History
You have not taken this quiz